Hādhā kitāb Kibrīt al-aḥmar fī sharāʼiṭ al-minbar. (Record no. 50745)

MARC details
000 -LEADER
fixed length control field 00647cam a22002291 4500
001 - CONTROL NUMBER
control field ne 68003295
003 - CONTROL NUMBER IDENTIFIER
control field DLC
005 - DATE AND TIME OF LATEST TRANSACTION
control field 20260227111846.0
008 - FIXED-LENGTH DATA ELEMENTS--GENERAL INFORMATION
fixed length control field 890514s1912 xx 000 0 per
010 ## - LIBRARY OF CONGRESS CONTROL NUMBER
LC control number ne 68003295
035 ## - SYSTEM CONTROL NUMBER
System control number (OCoLC)23546572
040 ## - CATALOGING SOURCE
Original cataloging agency DLC
Transcribing agency MiU
Modifying agency DLC
042 ## - AUTHENTICATION CODE
Authentication code premarc
050 00 - LIBRARY OF CONGRESS CALL NUMBER
Classification number BP193.5
Item number .K5
100 2# - MAIN ENTRY--PERSONAL NAME
Personal name Khurāsānī al-Qāʼīnī, Muḥammad Bāqir,
Dates associated with a name 1859-1934.
245 10 - TITLE STATEMENT
Title Hādhā kitāb Kibrīt al-aḥmar fī sharāʼiṭ al-minbar.
260 ## - PUBLICATION, DISTRIBUTION, ETC.
Date of publication, distribution, etc. [1912?]
300 ## - PHYSICAL DESCRIPTION
Extent 505, 5 p.
Dimensions 25 cm.
500 ## - GENERAL NOTE
General note Romanized.
650 #0 - SUBJECT ADDED ENTRY--TOPICAL TERM
Topical term or geographic name entry element Shiites
740 0# - ADDED ENTRY--UNCONTROLLED RELATED/ANALYTICAL TITLE
Uncontrolled related/analytical title Kibrīt al-aḥmar fī sharāʼiṭ al-minbar.

No items available.

Powered by Koha